Let It Be Tracklist (The Beatles) - Statistics

General Stats
  • This quiz has been taken 44 times
  • The average score is 10 of 12
Answer Stats
Hint Answer % Correct
6 Let It Be
100%
12 Get Back
88%
10 The Long And Winding Road
88%
2 Dig A Pony
85%
7 Maggie Mae
81%
1 Two Of Us
81%
3 Across The Universe
77%
5 Dig It
77%
11 For You Blue
73%
4 I Me Mine
73%
8 I've Got A Feeling
69%
9 One After 909
69%
No matching quizzes found
Score Distribution
Percent of People with Each Score
Percentile by Number Answered
Your Score History
You have not taken this quiz